| 000 | 00821cam a22002773a 4500 | ||
|---|---|---|---|
| 001 | 31716 | ||
| 003 | PGUSA | ||
| 005 | 20140828083703.0 | ||
| 008 | 100321s2010||||xxu|||||s|||||000 1 eng d | ||
| 040 |
_aPGUSA _beng |
||
| 042 | _adc | ||
| 050 | 4 | _aPS | |
| 100 | 1 |
_aSheldon, Walter J., _d1917-1996 |
|
| 245 | 1 | 0 |
_aJimsy and the Monsters _h[electronic resource] / _cWalter J. Sheldon |
| 260 |
_bProject Gutenberg, _c2010 |
||
| 506 | _aPublic domain in the USA. | ||
| 516 | _aElectronic text | ||
| 653 | _aHuman-alien encounters -- Fiction | ||
| 653 | _aScience fiction | ||
| 653 | _aMotion picture industry -- Fiction | ||
| 653 | _aShort stories | ||
| 653 | _aHollywood (Los Angeles, Calif.) -- Fiction | ||
| 830 | 0 |
_aProject Gutenberg _v31716 |
|
| 856 | 4 | 0 | _uhttp://www.gutenberg.org/ebooks/31716 |
| 942 | _cEB | ||
| 999 |
_c260971 _d260971 |
||